000 00214 a2200097 4500
001 23194
100 _aIqbal, A
245 _aCulture of Islam
260 _a
_bInst. of Islamic Studies
_c1967
090 _c15702
_d15702
942 _aNUST-CAE
_cM
_c6339
999 _c258267
_d258267